000 00576nam a2200205Ia 4500
008 210417s9999 xx 000 0 und d
020 _a9789350562314
020 _b9350562316
082 _a577 ZAH
082 _b22.577 ZAH
245 2 _aA Text Book on Environmental Biology
245 0 _cText Book on Environmental Biology
250 _a1
250 _b"392p.;24cm.,hbk."
260 _aNewdelhi
260 _bDiscovery Publications House Pvt Ltd
260 _c2016
700 _a"Zaheed, Imtiyaz Hussain "
700 _bImtiyaz Hussain Zaheed and Rafiuddin Naser
999 _c490322
_d490322